000 00739nam a2200217Ia 4500
003 GCL
008 140319s9999 xx 000 0 ara d
040 _aGCL /
_cGCL
082 0 4 _a805
_bم م
100 1 _aمحمد احمد العزب
245 1 0 _aمجلة كلية اللغه العربية المنصورة /
_cمحمد احمد العزب
700 1 _aمحمد حسين عبدالحليم حماد
300 _a381 ص
490 _aالهيئة العامة للاستعلامات
_v0
650 0 4 _aالشعر العربى
650 0 4 _aاللغة العربية
650 0 4 _aالشعر المسرحى
650 0 4 _aالشعر العربى - تاريخ ونقد
650 0 4 _aالمسرح العربى
942 _2ddc
_cBK
999 _c41241
_d41241